00524cam a22001577a 4500008004000000082001400040100002000054245004600074260003800120300001000158650003200168650003400200650002800234999001900262952008500281180718b1971 xxu||||| |||| 00| 0 eng d aB259 W563 aWheeler, Harvey aPolitics of revolutioncby Harvey Wheeler aBerkeleybGlendessary Pressc1971 a305p. aRevolution - United States. aSocial change - United States aUnited States - History c356325d356325 00104070aIIPAbIIPAd1994-01-03oB259 W563p49839r2018-07-21w2018-07-21yBK